|
|
|
|
| LEADER |
01874noc a2200337 i 4500 |
| 001 |
eta4925 |
| 005 |
20260305155001.0 |
| 008 |
210129s2020 hu o 000 hun d |
| 040 |
|
|
|a SZTE Elektronikus Tananyag Archívum
|b hun
|
| 041 |
|
|
|a hun
|
| 100 |
1 |
|
|a Almási Tibor
|
| 245 |
1 |
0 |
|a Pecséthasználat a középkorban
|h [elektronikus dokumentum] /
|c Almási Tibor
|
| 246 |
1 |
0 |
|a Sealing in the medieval age
|h [elektronikus dokumentum]
|
| 260 |
|
|
|c 2020
|
| 650 |
|
4 |
|a Bölcsészettudományok
|
| 650 |
|
4 |
|a Történettudomány és régészet
|
| 650 |
|
4 |
|a Történettudomány
|
| 650 |
|
4 |
|a Történetírás, történelemtudomány elmélete és módszerei
|
| 650 |
|
4 |
|a Pecséttan
|
| 650 |
|
4 |
|a Középkori történelem
|
| 695 |
|
|
|a pecséttan
|
| 856 |
4 |
0 |
|u https://eta.bibl.u-szeged.hu/4925/29/a_pecsethasznalat_alapfunkcioi.pdf
|z Dokumentum-elérés
|
| 856 |
4 |
0 |
|u https://eta.bibl.u-szeged.hu/4925/30/kozepkori_magyar_kiralyi_pecsetek.pdf
|z Dokumentum-elérés
|
| 856 |
4 |
0 |
|u https://eta.bibl.u-szeged.hu/4925/31/pecsethasznalat_a_kozepkorban.pdf
|z Dokumentum-elérés
|
| 856 |
4 |
0 |
|u https://eta.bibl.u-szeged.hu/4925/4/Tud%C3%A1sm%C3%A9r%C5%91_pecs%C3%A9ttan_alapjai.htm
|z Dokumentum-elérés
|
| 856 |
4 |
0 |
|u https://eta.bibl.u-szeged.hu/4925/5/Tud%C3%A1sm%C3%A9r%C5%91_pecs%C3%A9ttan_fogalmak.htm
|z Dokumentum-elérés
|
| 856 |
4 |
0 |
|u https://eta.bibl.u-szeged.hu/4925/6/Tud%C3%A1sm%C3%A9r%C5%91_pecs%C3%A9ttan_id%C5%91rend.htm
|z Dokumentum-elérés
|
| 856 |
4 |
0 |
|u https://eta.bibl.u-szeged.hu/4925/7/Tud%C3%A1sm%C3%A9r%C5%91_pecs%C3%A9ttan_pecs%C3%A9thaszn%C3%A1lat.htm
|z Dokumentum-elérés
|
| 856 |
4 |
0 |
|u https://eta.bibl.u-szeged.hu/4925/28/oklevelek%20pecs%C3%A9tel%C3%A9se.mp4
|z Dokumentum-elérés
|
| 856 |
4 |
0 |
|u https://eta.bibl.u-szeged.hu/4925/47/felirat.vtt
|z Dokumentum-elérés
|
| 856 |
4 |
0 |
|u https://eta.bibl.u-szeged.hu/4925/48/felirat.html
|z Dokumentum-elérés
|